Score 0/16 Timer 02:30
2 Plays Today
Question Answer Wrong Answers
Triceps Muscular
96.1%
Digestive
0.2%
Skeletal
0.5%
Circulatory
0.2%
Small Intestine Digestive
95.9%
Muscular
0.4%
Skeletal
0.3%
Circulatory
0.3%
Stomach Digestive
95.4%
Muscular
0.8%
Skeletal
0.1%
Circulatory
0.7%
Deltoids Muscular
94.4%
Digestive
0.7%
Skeletal
1.1%
Circulatory
0.7%
Veins Circulatory
93.4%
Digestive
0.6%
Muscular
2.2%
Skeletal
0.7%
Aorta Circulatory
92.8%
Digestive
2.1%
Muscular
1.4%
Skeletal
0.7%
Gluteus Maximus Muscular
92.4%
Digestive
3%
Skeletal
1.1%
Circulatory
0.4%
Heart Circulatory
91.9%
Digestive
3.3%
Muscular
1.9%
Skeletal
0.3%
Fibula Skeletal
91.9%
Digestive
0.7%
Muscular
3.8%
Circulatory
0.7%
Capillaries Circulatory
91.2%
Digestive
1%
Muscular
3.4%
Skeletal
1.6%
Sternum Skeletal
89.9%
Digestive
1.5%
Muscular
4.6%
Circulatory
0.9%
Rectum Digestive
89.4%
Muscular
5.5%
Skeletal
1.3%
Circulatory
0.9%
Latissimus Dorsi Muscular
86.1%
Digestive
1.4%
Skeletal
7.9%
Circulatory
1.6%
Esophagus Digestive
85.7%
Muscular
2%
Skeletal
2.6%
Circulatory
7.2%
Incus Skeletal
65.8%
Digestive
12.1%
Muscular
12.9%
Circulatory
5.7%
Trapezium Skeletal
21.3%
Digestive
1.1%
Muscular
73.5%
Circulatory
1.1%

Today's Daily Dose

Quick Pick
Colorful Movies

Get the Picture
Dog Breeds II

Remove Ads.
Support Sporcle.
Get the best of Sporcle when you Go Orange. This ad-free experience offers more features, more stats, and more fun while also helping to support Sporcle. Thank you for becoming a member.

You're not logged in!

Compare scores with friends on all Sporcle quizzes.
OR
Log In

Show Comments

Extras

Top Quizzes Today


Score Distribution

Your Account Isn't Verified!

In order to create a playlist on Sporcle, you need to verify the email address you used during registration. Go to your Sporcle Settings to finish the process.

Report this User

Report this user for behavior that violates our Community Guidelines.

Details: